000
00268nam a2200121Ia 4500
008
230312s9999||||xx |||||||||||||| ||und||
082
_a
616.01
_b
GLA-C
100
_a
Gladwin;Mark M.D
245
0
_a
Clinical Microbiology
300
_a
392
650
_a
Medical
942
_c
BK
999
_c
546
_d
546